[Event "Integracyjny Turniej FIANCHETTO"]
[Site "Jastrzebia Gora"]
[Date "2013.??.??"]
[Round "7.9"]
[White "Wojcieszyn, Zdzislaw"]
[Black "Woda, Janusz"]
[Result "0-1"]
[WhiteElo "2005"]
[BlackElo "1554"]
[PlyCount "138"]
[EventDate "2013.??.??"]

1. c4 Nf6 2. Nc3 g6 3. g3 Bg7 4. Bg2 c6 5. d4 O-O 6. Nf3 d5 7. Ne5 dxc4 8. Nxc4
Nd5 9. O-O b5 10. Ne5 Nxc3 11. bxc3 Bxe5 12. dxe5 Bb7 13. Qb3 Qc7 14. f4 Qb6+
15. Rf2 Na6 16. Ba3 c5 17. e4 Rfd8 18. Rb1 c4 19. Qxb5 Rd1+ 20. Rxd1 Qxb5 21.
Bxe7 Nc5 22. Rd4 Ne6 23. Rd1 Qe8 24. Bf6 Nc5 25. Rd4 Nd7 26. Bh4 Rc8 27. Rfd2
Rc7 28. Bh3 Bc8 29. Bf1 Kg7 30. Bxc4 Nxe5 31. fxe5 Qxe5 32. Rf2 f5 33. exf5
Qe1+ 34. Bf1 gxf5 35. c4 Qe3 36. Rd3 Qc1 37. Rd4 Be6 38. Kg2 Bd7 39. Bd8 Bc6+
40. Kg1 Rd7 41. Rxd7+ Bxd7 42. Be7 Kf7 43. Bd6 Ke6 44. c5 Bb5 45. Kg2 Bc6+ 46.
Kg1 Be4 47. Re2 Kd5 48. Kf2 Kd4 49. Bf4 Qa3 50. Be3+ Ke5 51. Rd2 Bd5 52. Rc2
Qa4 53. Bd3 Bc6 54. Bf4+ Kf6 55. Be3 Qg4 56. Ke1 Qf3 57. Kd2 Ba4 58. Rb2 Qd1+
59. Kc3 Qe1+ 60. Kd4 Qa1 61. Kc3 Bc6 62. Bd4+ Kg5 63. Kc4 Qc1+ 64. Rc2 Qa3 65.
Be3+ Kg6 66. Kd4 Qb4+ 67. Ke5 Be4 68. Rc4 Qb8+ 69. Kd4 Qd8+ 0-1

[Event "Integracyjny Turniej FIANCHETTO"]
[Site "Jastrzebia Gora"]
[Date "2013.??.??"]
[Round "7.10"]
[White "Karolak, Jan"]
[Black "Kondrusik, Aleksander"]
[Result "1-0"]
[WhiteElo "1905"]
[BlackElo "1530"]
[PlyCount "65"]
[EventDate "2013.??.??"]

1. Nf3 d5 2. g3 Nf6 3. Bg2 e6 4. O-O Be7 5. c3 b6 6. d3 Bb7 7. Qc2 O-O 8. Nbd2
Nbd7 9. e4 dxe4 10. dxe4 e5 11. Re1 c5 12. Nh4 Re8 13. Nf5 Bf8 14. Nc4 Qc7 15.
Rd1 Red8 16. Ncd6 Ne8 17. Nxb7 Qxb7 18. Bg5 Ndf6 19. f4 Qc7 20. fxe5 Qxe5 21.
Bf4 Qe6 22. e5 Nd5 23. Qe4 Nxf4 24. Qxf4 Rab8 25. h4 g6 26. Ne3 Nc7 27. Qf6 Be7
28. Qxe6 Nxe6 29. Nd5 Kf8 30. Kf2 h6 31. Ke2 Rd7 32. Rf1 Rbd8 33. Rad1 {(...38)
} 1-0

[Event "Integracyjny Turniej FIANCHETTO"]
[Site "Jastrzebia Gora"]
[Date "2013.??.??"]
[Round "7.11"]
[White "Strojek, Kazimierz"]
[Black "Wojtowicz, Mieczyslaw"]
[Result "0-1"]
[WhiteElo "1737"]
[BlackElo "1675"]
[PlyCount "41"]
[EventDate "2013.??.??"]

1. e4 e5 2. Nf3 d6 3. d4 exd4 4. Nxd4 g6 5. Be3 Bg7 6. c3 Nf6 7. f3 Nbd7 8. Be2
a6 9. O-O O-O 10. Qd2 Re8 11. Bg5 Nc5 12. Qf4 12... Nh5 {(...42)} 13. Qd2 f6
14. Be3 Bh8 15. Na3 b5 16. Rad1 Ne6 17. Nac2 Re7 18. Nb4 Bb7 19. c4 a5 20. Nd5
Bxd5 21. cxd5 {(...53)} 0-1

[Event "Integracyjny Turniej FIANCHETTO"]
[Site "Jastrzebia Gora"]
[Date "2013.??.??"]
[Round "7.12"]
[White "Witusik, Jerzy"]
[Black "Ostrowski, Michal"]
[Result "1-0"]
[WhiteElo "1807"]
[BlackElo "1431"]
[PlyCount "27"]
[EventDate "2013.??.??"]

1. e4 Nc6 2. Nf3 e5 3. d4 exd4 4. Nxd4 Nf6 5. Nc3 a6 6. f3 Bc5 7. Be3 Bb6 8.
Qd2 d6 9. O-O-O Be6 10. Nxe6 Bxe3 11. Nxg7+ Kf8 12. Qxe3 Kxg7 13. g4 Kf8 14. h4
{(...28)} 1-0

[Event "Integracyjny Turniej FIANCHETTO"]
[Site "Jastrzebia Gora"]
[Date "2013.??.??"]
[Round "7.13"]
[White "Mirski, Jerzy"]
[Black "Budnik, Kazimierz"]
[Result "0-1"]
[WhiteElo "1801"]
[BlackElo "1326"]
[PlyCount "35"]
[EventDate "2013.??.??"]

1. e4 c5 2. Nc3 e6 3. g3 Nc6 4. Bg2 Nf6 5. Nge2 Be7 6. d4 cxd4 7. Nxd4 O-O 8.
O-O a6 9. b3 Bc5 10. Nce2 b5 11. Kh1 Bb7 12. f3 d5 13. Nxc6 Bxc6 14. Bb2 dxe4
15. Bxf6 gxf6 16. Qxd8 Rfxd8 17. fxe4 Rd2 18. Nf4 {(...42)} 0-1

[Event "Integracyjny Turniej FIANCHETTO"]
[Site "Jastrzebia Gora"]
[Date "2013.??.??"]
[Round "7.14"]
[White "Wysocki, Mieczyslaw"]
[Black "Grabczynski, Zdzislaw"]
[Result "1-0"]
[WhiteElo "1762"]
[BlackElo "1797"]
[PlyCount "42"]
[EventDate "2013.??.??"]

1. e4 d6 2. d4 g6 3. f4 Bg7 4. Nf3 Nf6 5. Bd3 c6 6. Nc3 O-O 7. O-O b5 8. Qe1 a6
9. Qh4 c5 10. e5 dxe5 11. fxe5 Nfd7 12. Ng5 h6 13. Nxf7 Rxf7 14. Rxf7 Nf8 15.
Rxg7+ Kxg7 16. Bxh6+ Kg8 17. d5 Bb7 18. d6 Nc6 19. Rf1 Qd7 20. Rxf8+ Rxf8 21.
Bxf8 exd6 1-0

[Event "Integracyjny Turniej FIANCHETTO"]
[Site "Jastrzebia Gora"]
[Date "2013.??.??"]
[Round "7.15"]
[White "Zawada, Andrzej"]
[Black "Olszewski, Jerzy"]
[Result "0-1"]
[WhiteElo "1718"]
[BlackElo "1778"]
[PlyCount "68"]
[EventDate "2013.??.??"]

1. e4 e5 2. Nf3 Nc6 3. Nc3 Bc5 4. Bb5 d6 5. h3 a6 6. Bxc6+ bxc6 7. d4 exd4 8.
Nxd4 Bd7 9. O-O Qf6 10. Be3 Qg6 11. Qf3 Nf6 12. a3 O-O 13. b4 Ba7 14. e5 dxe5
15. Nxc6 Bxc6 16. Qxc6 Bxe3 17. fxe3 Qxc2 18. Rac1 Qd3 19. e4 Qe3+ 20. Kh2 Qb6
21. Qc4 Qb7 22. Rf3 Rad8 23. Rcf1 Rd4 24. Qb3 c6 25. Rxf6 gxf6 26. Rxf6 Kg7 27.
Rf5 Qe7 28. Qc2 f6 29. Na4 Qd6 30. Qe2 Kh8 31. Nc5 Rd2 32. Qf3 Rg8 33. Nxa6 Qd3
34. Qxd3 Rdxg2+ 0-1

[Event "Integracyjny Turniej FIANCHETTO"]
[Site "Jastrzebia Gora"]
[Date "2013.??.??"]
[Round "7.16"]
[White "Chmielowski, Stefan"]
[Black "Zieba, Teofil"]
[Result "1/2-1/2"]
[WhiteElo "1678"]
[BlackElo "1767"]
[PlyCount "79"]
[EventDate "2013.??.??"]

1. e4 c5 2. Nc3 Nc6 3. Nf3 d6 4. h3 Nf6 5. d3 e6 6. Bg5 Be7 7. Be2 h6 8. Bh4
O-O 9. O-O Nd7 10. Bg3 Nf6 11. a3 a6 12. Rb1 b5 13. Na2 Bb7 14. c3 Qd7 15. Nd2
e5 16. f4 exf4 17. Bxf4 Ne5 18. Nc1 Rab8 19. Nf3 Nxf3+ 20. Bxf3 Qd8 21. Bh2 Qb6
22. Bg3 Bd8 23. Bf2 Qc7 24. Bg3 Nd7 25. Ne2 Ne5 26. Bxe5 dxe5 27. Ng3 g6 28.
Bg4 Bc8 29. Nh1 Bg5 30. Qe2 Rd8 31. Bxc8 Qxc8 32. Nf2 Kg7 33. Ng4 Bf4 34. Rf3
h5 35. Ne3 Bxe3+ 36. Qxe3 Rb6 37. Kh2 Rf6 38. Rbf1 Rxf3 39. Qxf3 Qe6 40. Qf2
1/2-1/2

[Event "Integracyjny Turniej FIANCHETTO"]
[Site "Jastrzebia Gora"]
[Date "2013.??.??"]
[Round "7.17"]
[White "Szynwelski, Ryszard"]
[Black "Jackowski, Ryszard"]
[Result "0-1"]
[WhiteElo "1320"]
[BlackElo "1764"]
[PlyCount "58"]
[EventDate "2013.??.??"]

1. e4 g6 2. Nf3 Bg7 3. d4 d6 4. g3 Nf6 5. Nbd2 c6 6. Bg2 O-O 7. O-O Nbd7 8. c3
e5 9. Re1 Re8 10. Nf1 Qc7 11. h4 Nf8 12. N1h2 Ne6 13. d5 cxd5 14. exd5 Nc5 15.
b4 Ncd7 16. Qb3 b6 17. Bb2 b5 18. Rac1 Nb6 19. Nd2 Bh6 20. Rcd1 Bf5 21. Ndf1
Rec8 22. Ne3 Bd7 23. Nf3 Ng4 24. Qc2 Nxe3 25. fxe3 Nc4 26. Bc1 Bg4 27. e4 Bxc1
28. Rxc1 Nb6 29. Qd2 29... a6 {(...45)} 0-1

[Event "Integracyjny Turniej FIANCHETTO"]
[Site "Jastrzebia Gora"]
[Date "2013.??.??"]
[Round "7.19"]
[White "Salamon, Jan"]
[Black "Korycki, Jozef"]
[Result "1-0"]
[WhiteElo "1788"]
[BlackElo "1716"]
[PlyCount "25"]
[EventDate "2013.??.??"]

1. d4 Nf6 2. c4 e6 3. Nc3 Bb4 4. e3 O-O 5. Nge2 d6 6. a3 Bxc3+ 7. Nxc3 Nbd7 8.
Bd3 b6 9. Qf3 Rb8 10. Qh3 e5 11. Nd5 Nc5 12. Nxf6+ Qxf6 13. Qxh7# 1-0

[Event "Integracyjny Turniej FIANCHETTO"]
[Site "Jastrzebia Gora"]
[Date "2013.??.??"]
[Round "7.20"]
[White "Serbinowski, Mieczyslaw"]
[Black "Zatylny, Jan"]
[Result "0-1"]
[WhiteElo "1766"]
[BlackElo "1583"]
[PlyCount "27"]
[EventDate "2013.??.??"]

1. d4 d5 2. Bf4 e6 3. e3 Bd6 4. Ne2 Nf6 5. Nd2 c6 6. Nb3 b6 7. Bxd6 Qxd6 8. Ng3
Ba6 9. Bd3 O-O 10. O-O Bxd3 11. Qxd3 Nbd7 12. c4 c5 13. dxc5 Nxc5 14. Qd4 {
(...41)} 0-1

[Event "Integracyjny Turniej FIANCHETTO"]
[Site "Jastrzebia Gora"]
[Date "2013.??.??"]
[Round "7.22"]
[White "Piasecki, Stanislaw"]
[Black "Tomczyk, Ryszard"]
[Result "1-0"]
[WhiteElo "1648"]
[BlackElo "1459"]
[PlyCount "60"]
[EventDate "2013.??.??"]

1. e4 c5 2. Nf3 d6 3. Nc3 Nc6 4. d4 cxd4 5. Nxd4 g6 6. Bc4 Nf6 7. Be3 Bg7 8. h3
O-O 9. f4 Na5 10. Be2 Nc6 11. Bf3 Nd7 12. Qd2 Nb6 13. Be2 e5 14. Nf3 Re8 15.
O-O-O Bf8 16. h4 Bg4 17. f5 Nc8 18. Bh6 Bg7 19. Nd5 gxf5 20. exf5 Bxf5 21. g4
Be4 22. Bg5 f6 23. Bh6 Qd7 24. g5 Bxd5 25. gxf6 Bxh6 26. Qxh6 Be4 27. Rhg1+ Kh8
28. Rg7 Qf5 29. Ng5 Qg6 30. Rxg6 Bxg6 1-0

[Event "Integracyjny Turniej FIANCHETTO"]
[Site "Jastrzebia Gora"]
[Date "2013.??.??"]
[Round "7.23"]
[White "Jasinska-kuzia, Lidia"]
[Black "Krupecka-czarkowska, Danuta"]
[Result "1-0"]
[WhiteElo "1605"]
[BlackElo "1233"]
[PlyCount "55"]
[EventDate "2013.??.??"]

1. e4 e5 2. Nf3 Nc6 3. d4 d6 4. d5 Nce7 5. c4 c6 6. Bd3 Nf6 7. Bg5 h6 8. Bxf6
gxf6 9. O-O f5 10. exf5 cxd5 11. f6 Ng8 12. cxd5 Nxf6 13. Nc3 Qa5 14. Bb5+ Bd7
15. Bxd7+ Nxd7 16. Nd2 Nf6 17. Nb3 Qb6 18. Kh1 Be7 19. Qd3 Ng4 20. Ne4 f5 21.
Qh3 fxe4 22. Qxg4 Qb4 23. Rac1 h5 24. Rc8+ Rxc8 25. Qxc8+ Bd8 26. Qe6+ Be7 27.
Rc1 Rh6 28. Rc8# 1-0

[Event "Integracyjny Turniej FIANCHETTO"]
[Site "Jastrzebia Gora"]
[Date "2013.??.??"]
[Round "7.24"]
[White "Panczuk, Boleslaw"]
[Black "Lenart, Franciszek"]
[Result "1-0"]
[WhiteElo "1436"]
[BlackElo "1573"]
[PlyCount "50"]
[EventDate "2013.??.??"]

1. d4 e6 2. c4 d6 3. Nf3 Be7 4. e4 Nd7 5. Nc3 Ngf6 6. Bd3 O-O 7. O-O h6 8. Re1
b6 9. h3 Nh7 10. e5 dxe5 11. dxe5 Bb7 12. Bf4 Nc5 13. Bc2 Qxd1 14. Raxd1 Bxf3
15. gxf3 Ng5 16. Kg2 f5 17. b4 Nb7 18. a3 a6 19. Rd7 Bd8 20. Red1 Nh7 21. Ne2
g5 22. Bc1 Rf7 23. Ng3 Nf8 24. Rxf7 Kxf7 25. Ne2 25... Ng6 {(...47)} 1-0

[Event "Integracyjny Turniej FIANCHETTO"]
[Site "Jastrzebia Gora"]
[Date "2013.??.??"]
[Round "7.25"]
[White "Grobelna, Ewa"]
[Black "Jurkiewicz, Kazimierz"]
[Result "1/2-1/2"]
[WhiteElo "1541"]
[BlackElo "1437"]
[PlyCount "38"]
[EventDate "2013.??.??"]

1. d4 c6 2. Nc3 d5 3. Nf3 h6 4. e4 e6 5. a3 dxe4 6. Nxe4 b6 7. c3 Ba6 8. Bxa6
Nxa6 9. O-O Nf6 10. Re1 Nxe4 11. Rxe4 Bd6 12. Bf4 O-O 13. Bxd6 Qxd6 14. Ne5 Nb8
15. h3 Nd7 16. Qe2 Nxe5 17. Rxe5 Rfd8 18. Qf3 Rac8 19. Rae1 19... c5 {(...28)}
1/2-1/2

[Event "Integracyjny Turniej FIANCHETTO"]
[Site "Jastrzebia Gora"]
[Date "2013.??.??"]
[Round "7.27"]
[White "Przybylak, Gabriela"]
[Black "Jagiello, Adolf"]
[Result "0-1"]
[WhiteElo "1376"]
[BlackElo "1386"]
[PlyCount "34"]
[EventDate "2013.??.??"]

1. d4 d5 2. Nf3 Nc6 3. e3 e6 4. a3 Nf6 5. Nbd2 Be7 6. Nb3 O-O 7. Be2 Ne8 8. O-O
Nd6 9. Bd2 a6 10. h3 f5 11. Ne5 Nxe5 12. dxe5 Nf7 13. f4 b6 14. Nd4 Bd7 15. Bh5
Qe8 16. Nb3 c5 17. Be1 17... Qd8 {(...55)} 0-1

[Event "Integracyjny Turniej FIANCHETTO"]
[Site "Jastrzebia Gora"]
[Date "2013.??.??"]
[Round "8.3"]
[White "Bakalarz, Leszek"]
[Black "Relidzynski, Tadeusz"]
[Result "1-0"]
[WhiteElo "2148"]
[BlackElo "1855"]
[PlyCount "47"]
[EventDate "2013.??.??"]

1. e4 d6 2. d4 Nf6 3. Nc3 Nbd7 4. f4 e5 5. Nf3 exd4 6. Qxd4 c6 7. e5 dxe5 8.
fxe5 Bc5 9. Qh4 Qe7 10. Bf4 Nd5 11. Qxe7+ Bxe7 12. Nxd5 cxd5 13. O-O-O Nb6 14.
Bb5+ Kf8 15. Be3 Be6 16. Rhf1 Nc4 17. Bxc4 dxc4 18. Nd4 Bd7 19. e6 Be8 20. exf7
Bxf7 21. Ne6+ Kg8 22. Rd7 Bxe6 23. Rxe7 Bd5 24. Bd4 1-0

[Event "Integracyjny Turniej FIANCHETTO"]
[Site "Jastrzebia Gora"]
[Date "2013.??.??"]
[Round "8.4"]
[White "Woda, Janusz"]
[Black "Szczepaniec, Stanislaw"]
[Result "0-1"]
[WhiteElo "1554"]
[BlackElo "2013"]
[PlyCount "94"]
[EventDate "2013.??.??"]

1. b4 e5 2. Bb2 Bxb4 3. Bxe5 Nf6 4. e3 Nc6 5. Bb2 d5 6. c4 O-O 7. cxd5 Nxd5 8.
Nf3 Re8 9. Be2 Bg4 10. O-O Bd6 11. h3 Bh5 12. Nd4 Bxe2 13. Nxe2 Qg5 14. f4 Qf5
15. Ng3 Qd3 16. Qg4 Qg6 17. Qxg6 hxg6 18. Nc3 Ndb4 19. Nce4 Rad8 20. Bc3 Nd3
21. Nxd6 Rxd6 22. f5 b5 23. fxg6 Rxg6 24. Nf5 b4 25. Bd4 Nxd4 26. Nxd4 c5 27.
Nf5 a5 28. g4 a4 29. Nh4 Rh6 30. Nf5 Rxh3 31. Kg2 Rh7 32. Nd6 Re7 33. Rf5 Ne5
34. Kg3 Rh6 35. Nxf7 Nxf7 36. Rxc5 Nd6 37. Rd5 Ne4+ 38. Kg2 Rb6 39. Rd8+ Kh7
40. d3 Nc3 41. a3 b3 42. Rc8 b2 43. Rh1+ Kg6 44. Rxc3 b1=Q 45. Rc6+ Rxc6 46.
Rxb1 Rxe3 47. Rb4 Rxd3 0-1

[Event "Integracyjny Turniej FIANCHETTO"]
[Site "Jastrzebia Gora"]
[Date "2013.??.??"]
[Round "8.5"]
[White "Najdzionek, Boleslaw"]
[Black "Krawcewicz, Lucyna"]
[Result "0-1"]
[WhiteElo "1911"]
[BlackElo "1935"]
[PlyCount "55"]
[EventDate "2013.??.??"]

1. d4 d5 2. c4 e6 3. Nf3 Nd7 4. Nc3 dxc4 5. e3 Nb6 6. Ne5 Nf6 7. Nxc4 Nbd5 8.
Bd3 c5 9. O-O cxd4 10. exd4 Be7 11. Ne5 O-O 12. a3 a6 13. Qb3 Qb6 14. Qxb6 Nxb6
15. Rd1 Rd8 16. Be3 Bd7 17. Rac1 Rac8 18. h3 Nfd5 19. Nxd7 Nxd7 20. Nxd5 exd5
21. Rxc8 Rxc8 22. Bf5 Rd8 23. Rc1 Nb6 24. Rc7 Bf6 25. Rxb7 Nc4 26. a4 Nd6 27.
Bxh7+ Kxh7 28. Rb6 0-1

[Event "Integracyjny Turniej FIANCHETTO"]
[Site "Jastrzebia Gora"]
[Date "2013.??.??"]
[Round "8.6"]
[White "Winiarski, Kazimierz"]
[Black "Karolak, Jan"]
[Result "1/2-1/2"]
[WhiteElo "1908"]
[BlackElo "1905"]
[PlyCount "32"]
[EventDate "2013.??.??"]

1. Nf3 Nf6 2. d4 d5 3. g3 g6 4. Bg2 Bg7 5. O-O O-O 6. Nbd2 Nbd7 7. Re1 Nb6 8.
b3 Bg4 9. Bb2 c6 10. Ne5 Bf5 11. f3 Nfd7 12. e4 dxe4 13. fxe4 Nxe5 14. exf5
Ned7 15. fxg6 hxg6 16. Ne4 e5 1/2-1/2

[Event "Integracyjny Turniej FIANCHETTO"]
[Site "Jastrzebia Gora"]
[Date "2013.??.??"]
[Round "8.7"]
[White "Schils, Heinz"]
[Black "Wroblewski, Mieczyslaw"]
[Result "0-1"]
[WhiteElo "1810"]
[BlackElo "1825"]
[PlyCount "95"]
[EventDate "2013.??.??"]

1. d4 Nf6 2. Nf3 b6 3. g3 Bb7 4. Bg2 e6 5. O-O d5 6. c4 Bd6 7. Nc3 dxc4 8. Qa4+
c6 9. Qxc4 Ba6 10. Qa4 O-O 11. Re1 Nd5 12. a3 Bb7 13. Bd2 c5 14. Nxd5 Bxd5 15.
e4 Bc6 16. Qc2 Nd7 17. e5 Be7 18. dxc5 bxc5 19. b4 Rc8 20. Qb2 Bd5 21. b5 c4
22. Nd4 Nc5 23. Re3 Bxg2 24. Kxg2 Na4 25. Qc2 Qxd4 26. Rd1 Qd5+ 27. Kg1 Nb6 28.
Bb4 Qb7 29. Bxe7 Qxe7 30. a4 Qb4 31. Rb1 Qxa4 32. Qb2 Rfd8 33. Qc1 Rd3 34. Re4
Rcd8 35. Re1 R8d7 36. Qf4 Nd5 37. Qh4 Nc3 38. Rbc1 Ne2+ 39. Rxe2 Rd1+ 40. Re1
Rxe1+ 41. Rxe1 h6 42. Qe4 Rd1 43. Rxd1 Qxd1+ 44. Kg2 Qd5 45. Kf3 Qxb5 46. Qa8+
Kh7 47. Qxa7 Qxe5 48. Qxf7 0-1

[Event "Integracyjny Turniej FIANCHETTO"]
[Site "Jastrzebia Gora"]
[Date "2013.??.??"]
[Round "8.8"]
[White "Wojtowicz, Mieczyslaw"]
[Black "Niecko, Stanislaw"]
[Result "1/2-1/2"]
[WhiteElo "1675"]
[BlackElo "1817"]
[PlyCount "37"]
[EventDate "2013.??.??"]

1. e4 c5 2. Nf3 Nc6 3. c3 Nf6 4. Bd3 d6 5. Na3 g6 6. Nc2 Bg7 7. O-O O-O 8. Re1
Qc7 9. Bf1 Bd7 10. d3 Rac8 11. Ne3 e6 12. Bd2 a6 13. h3 b5 14. Rc1 Rfd8 15. Nh2
Qb6 16. Neg4 Nxg4 17. Nxg4 e5 18. Bg5 Rf8 19. Nf6+ 1/2-1/2

[Event "Integracyjny Turniej FIANCHETTO"]
[Site "Jastrzebia Gora"]
[Date "2013.??.??"]
[Round "8.9"]
[White "Grabarczyk, Edmund"]
[Black "Witusik, Jerzy"]
[Result "0-1"]
[WhiteElo "1394"]
[BlackElo "1807"]
[PlyCount "86"]
[EventDate "2013.??.??"]

1. e4 e5 2. Nf3 Nc6 3. Bb5 a6 4. Ba4 Nf6 5. O-O b5 6. Bb3 d6 7. c3 Be7 8. Re1
O-O 9. d4 exd4 10. cxd4 Bb7 11. Bc2 Nb4 12. Bd2 Nxc2 13. Qxc2 Rc8 14. b4 Nd7
15. Qd3 Nb6 16. Bc1 d5 17. e5 Bxb4 18. Re2 Nc4 19. e6 Be7 20. exf7+ Rxf7 21. a4
c6 22. axb5 cxb5 23. Nbd2 Rc6 24. Qb1 Bf6 25. Nxc4 Rxc4 26. Be3 Re7 27. Qf5 Bc8
28. Qd3 Rec7 29. Rae1 Re7 30. h3 Qe8 31. g4 g6 32. Kg2 Re4 33. Kg3 Qe7 34. Qd2
Rc6 35. Ng5 Qd6+ 36. Kg2 Re7 37. Bf4 Rxe2 38. Rxe2 Bxg5 39. Bxg5 Qf8 40. Re5
Re6 41. Rxd5 Bb7 42. Qa2 Qd6 43. f3 Qxd5 0-1

[Event "Integracyjny Turniej FIANCHETTO"]
[Site "Jastrzebia Gora"]
[Date "2013.??.??"]
[Round "8.10"]
[White "Olszewski, Jerzy"]
[Black "Budnik, Kazimierz"]
[Result "1-0"]
[WhiteElo "1776"]
[BlackElo "1326"]
[PlyCount "77"]
[EventDate "2013.??.??"]

1. e4 c5 2. g3 e6 3. Bg2 Nc6 4. c4 Nf6 5. Nc3 Be7 6. Nge2 Ne5 7. d3 a6 8. O-O
O-O 9. b3 b6 10. d4 cxd4 11. Nxd4 Bb7 12. f4 Nc6 13. Nxc6 Bxc6 14. Be3 Bb4 15.
Na4 Bxa4 16. bxa4 Rc8 17. Qd3 Ng4 18. Bd4 Bc5 19. h3 Bxd4+ 20. Qxd4 Nf6 21. e5
Ne8 22. Bb7 Rc7 23. Bxa6 f6 24. Bb5 f5 25. Qxb6 Qc8 26. Rad1 Rf7 27. a5 Qb7 28.
Qd4 Qa7 29. a6 g6 30. Rf2 Ng7 31. Rfd2 Nh5 32. Kh2 h6 33. Qxa7 Rxa7 34. Rxd7 g5
35. Rxa7 Rxa7 36. fxg5 hxg5 37. Rd8+ Kf7 38. Rd7+ Rxd7 39. Bxd7 1-0

[Event "Integracyjny Turniej FIANCHETTO"]
[Site "Jastrzebia Gora"]
[Date "2013.??.??"]
[Round "8.11"]
[White "Jackowski, Ryszard"]
[Black "Borkowski, Jozef"]
[Result "1-0"]
[WhiteElo "1766"]
[BlackElo "1673"]
[PlyCount "65"]
[EventDate "2013.??.??"]

1. e4 e5 2. Nf3 Nf6 3. Nxe5 d6 4. Nf3 Nxe4 5. d4 d5 6. Bd3 Bd6 7. O-O O-O 8.
Re1 f5 9. c4 c6 10. Nc3 Be6 11. Qc2 dxc4 12. Bxe4 fxe4 13. Nxe4 Bf5 14. Qxc4+
Kh8 15. Bg5 Qc7 16. Nxd6 h6 17. Be7 Nd7 18. Bxf8 Rxf8 19. Nxf5 Rxf5 20. Re8+
Nf8 21. Rae1 Qf4 22. Qd3 Rf6 23. Qe4 Qd6 24. a3 b6 25. Ne5 g6 26. Rxf8+ Kg7 27.
Rxf6 Qxf6 28. Qxc6 Qh4 29. Nf3 Qf4 30. Re7+ Kg8 31. Qe8+ Qf8 32. Qxg6+ Qg7 33.
Qxg7# 1-0

[Event "Integracyjny Turniej FIANCHETTO"]
[Site "Jastrzebia Gora"]
[Date "2013.??.??"]
[Round "8.12"]
[White "Krawczyk, Zbigniew"]
[Black "Wysocki, Mieczyslaw"]
[Result "0-1"]
[WhiteElo "1683"]
[BlackElo "1761"]
[PlyCount "71"]
[EventDate "2013.??.??"]

1. c4 f5 2. g3 Nf6 3. Nf3 g6 4. Bg2 Bg7 5. Nc3 e6 6. d3 Nc6 7. O-O O-O 8. Bd2
d6 9. Qc1 e5 10. Bg5 Ne7 11. Bh6 Ng4 12. Bxg7 Kxg7 13. h3 Nf6 14. Kh2 f4 15.
gxf4 exf4 16. Kh1 Nh5 17. Nd5 c6 18. Nc3 Nf5 19. Kh2 Nh4 20. Qe1 Bf5 21. Rg1
Nxg2 22. Kxg2 Qd7 23. Rh1 Rae8 24. Qd2 Re7 25. Rae1 Ree8 26. Nd4 g5 27. h4 g4
28. Nxf5+ Qxf5 29. Ne4 Re6 30. Ng5 f3+ 31. exf3 gxf3+ 32. Kh2 Rxe1 33. Qxe1 Qg4
34. Nxf3 Qxf3 35. Qe7+ Qf7 36. Qg5+ {(...56)} 0-1

[Event "Integracyjny Turniej FIANCHETTO"]
[Site "Jastrzebia Gora"]
[Date "2013.??.??"]
[Round "8.13"]
[White "Zatylny, Jan"]
[Black "Wojcieszyn, Zdzislaw"]
[Result "0-1"]
[WhiteElo "1583"]
[BlackElo "2005"]
[PlyCount "29"]
[EventDate "2013.??.??"]

1. d4 c5 2. e3 e6 3. Nf3 Nf6 4. Be2 Nc6 5. b3 cxd4 6. exd4 Bb4+ 7. Bd2 Be7 8.
Bc3 Ne4 9. Bb2 O-O 10. O-O f5 11. d5 Bf6 12. c3 Ne5 13. Nxe5 Bxe5 14. dxe6 dxe6
15. Re1 {(...55)} 0-1

[Event "Integracyjny Turniej FIANCHETTO"]
[Site "Jastrzebia Gora"]
[Date "2013.??.??"]
[Round "8.14"]
[White "Strojek, Kazimierz"]
[Black "Szydlowski, Wiktor"]
[Result "1/2-1/2"]
[WhiteElo "1737"]
[BlackElo "1792"]
[PlyCount "30"]
[EventDate "2013.??.??"]

1. e4 e5 2. Nf3 Nc6 3. d4 exd4 4. Nxd4 Qh4 5. Qd3 Nb4 6. Qe2 Bc5 7. a3 Bxd4 8.
axb4 d6 9. g3 Qf6 10. c3 Bb6 11. Be3 Bxe3 12. Qxe3 Nh6 13. Nd2 O-O 14. Bg2 Bd7
15. O-O Bc6 1/2-1/2

[Event "Integracyjny Turniej FIANCHETTO"]
[Site "Jastrzebia Gora"]
[Date "2013.??.??"]
[Round "8.15"]
[White "Salamon, Jan"]
[Black "Chmielowski, Stefan"]
[Result "1-0"]
[WhiteElo "1788"]
[BlackElo "1678"]
[PlyCount "58"]
[EventDate "2013.??.??"]

1. d4 d5 2. Nf3 Nf6 3. c4 e6 4. Bg5 Be7 5. e3 Ne4 6. Bxe7 Qxe7 7. Qb3 c6 8.
cxd5 exd5 9. Nc3 O-O 10. Bd3 Nd7 11. Qc2 f5 12. O-O b5 13. a3 a5 14. Ne2 Bb7
15. Ng3 h6 16. Qe2 Qd6 17. Rfd1 a4 18. Nh4 g6 19. Nf3 Kg7 20. Nd2 Ndf6 21. Ndf1
b4 22. axb4 Qxb4 23. Rac1 Rac8 24. Ra1 Rf7 25. Ra3 Rfc7 26. Rc1 c5 27. Bxe4
dxe4 28. dxc5 Rxc5 29. Rxc5 29... Rxc5 {(...95)} 1-0

[Event "Integracyjny Turniej FIANCHETTO"]
[Site "Jastrzebia Gora"]
[Date "2013.??.??"]
[Round "8.16"]
[White "Zieba, Teofil"]
[Black "Kondrusik, Aleksander"]
[Result "1-0"]
[WhiteElo "1767"]
[BlackElo "1530"]
[PlyCount "82"]
[EventDate "2013.??.??"]

1. e4 e5 2. Nf3 Nc6 3. Bb5 a6 4. Ba4 Nf6 5. O-O Be7 6. Re1 b5 7. Bb3 O-O 8. a4
Bb7 9. c3 d6 10. d4 b4 11. d5 Na5 12. cxb4 Nxb3 13. Qxb3 c6 14. Nc3 Rb8 15. Qc4
cxd5 16. Nxd5 Nxd5 17. exd5 Rc8 18. Qb3 Qc7 19. Rd1 Qc4 20. Nd2 Qxd5 21. Qxd5
Bxd5 22. Nb1 Bb3 23. Re1 f5 24. Nd2 Bc2 25. Nf1 f4 26. Bd2 e4 27. Bc3 Bd3 28.
Nd2 d5 29. Nb3 Rc6 30. Nc5 Bc4 31. Bd4 Re8 32. b3 Bd3 33. Nxd3 exd3 34. Bc5 Kf7
35. Red1 Bxc5 36. bxc5 Rxc5 37. Rxd3 Re4 38. Kf1 Ke6 39. Re1 Ke5 40. f3 Rxe1+
41. Kxe1 Rc2 1-0

[Event "Integracyjny Turniej FIANCHETTO"]
[Site "Jastrzebia Gora"]
[Date "2013.??.??"]
[Round "8.18"]
[White "Grabczynski, Zdzislaw"]
[Black "Szynwelski, Ryszard"]
[Result "1-0"]
[WhiteElo "1797"]
[BlackElo "1322"]
[PlyCount "91"]
[EventDate "2013.??.??"]

1. d4 d5 2. c4 e6 3. a3 Nc6 4. Nc3 Nf6 5. Bg5 Be7 6. Nf3 b6 7. e3 a5 8. h3 Ba6
9. b3 O-O 10. Bd3 h6 11. Bh4 Rb8 12. O-O dxc4 13. bxc4 Bb7 14. Nb5 Nd7 15. Bg3
Rc8 16. d5 Ncb8 17. dxe6 fxe6 18. Nfd4 Nc6 19. Nxe6 Qe8 20. Nxf8 Qxf8 21. Bxc7
Nc5 22. Bxb6 Nxd3 23. Qxd3 a4 24. Qc2 Qf7 25. Rad1 Ne5 26. Bc7 Nf3+ 27. gxf3
Qxf3 28. Rd5 Rf8 29. Bg3 Bg5 30. Nd4 Qh5 31. h4 Bxd5 32. cxd5 Bxh4 33. Qe4 Bxg3
34. fxg3 Rb8 35. Qe6+ Kh8 36. Qf5 Qe8 37. Ne6 Qe7 38. Qf7 Qb7 39. Qxb7 Rxb7 40.
Rd1 Kg8 41. d6 Rd7 42. Nc5 Rd8 43. d7 Kf7 44. Nb7 Ke7 45. Nxd8 Kxd8 46. e4 1-0

[Event "Integracyjny Turniej FIANCHETTO"]
[Site "Jastrzebia Gora"]
[Date "2013.??.??"]
[Round "8.20"]
[White "Radwan, Jan"]
[Black "Jasinska-kuzia, Lidia"]
[Result "1/2-1/2"]
[WhiteElo "1651"]
[BlackElo "1598"]
[PlyCount "32"]
[EventDate "2013.??.??"]

1. c4 Nf6 2. h3 d5 3. e3 e5 4. cxd5 Nxd5 5. Nf3 Bd6 6. e4 Nb6 7. Be2 O-O 8. O-O
f5 9. Qb3+ Kh8 10. d3 f4 11. a4 a5 12. Nbd2 Qe7 13. Re1 Be6 14. Qd1 N8d7 15. b3
c5 16. Nh2 Qh4 1/2-1/2